[Event "Bodenmais Arber op 10th"]
[Site "Bodenmais"]
[Date "2023.08.07"]
[Round "3"]
[White "Schroeder, Wilfried"]
[Black "Kreuzer, Klaus"]
[Result "1-0"]
[WhiteElo "2162"]
[BlackElo "2139"]
[PlyCount "79"]
[EventDate "2023.08.05"]
[EventType "swiss"]
[EventRounds "9"]
[EventCountry "GER"]
[SourceTitle "EXT 2024"]
[Source "ChessBase"]
[SourceDate "2023.10.10"]
[SourceVersion "1"]
[SourceVersionDate "2023.10.10"]
[SourceQuality "1"]

1. d4 Nf6 2. Nf3 e6 3. c4 d5 4. g3 Bb4+ 5. Bd2 Be7 6. Qc2 0-0 7. Bg2 c6 8. 0-0 Nbd7 9. Bf4 Nh5 10. Bd2 Nhf6 11. b3 Ne4 12. Nc3 f5 13. Bf4 Ndf6 14. Rad1 Qe8 15. Ne5 Qh5 16. f3 Nxc3 17. Qxc3 g5 18. Bc1 Nd7 19. Nd3 Rf6 20. e4 Rh6 21. exf5 exf5 22. h3 Nf6 23. Qd2 f4 24. g4 Qh4 25. Qe1 Qxe1 26. Rfxe1 Kf8 27. Ne5 a5 28. c5 Ne8 29. Bf1 Nc7 30. Kg2 Ne6 31. Bb2 Bf6 32. Bd3 Bg7 33. Rd2 Bf6 34. Rde2 Ng7 35. Bc2 Bd8 36. a3 Bf6 37. Bd3 Bd8 38. b4 axb4 39. axb4 Ne6 40. b5 1-0

[Event "Dortmund Sparkassen op 49th"]
[Site "Dortmund"]
[Date "2022.07.17"]
[Round "2"]
[White "Schroeder, Wilfried"]
[Black "Gschnitzer, Adrian"]
[Result "0-1"]
[WhiteElo "2204"]
[BlackElo "2433"]
[PlyCount "64"]
[EventDate "2022.07.16"]
[EventType "swiss"]
[EventRounds "9"]
[EventCountry "GER"]
[SourceTitle "CBM 209 Extra"]
[Source "ChessBase"]
[SourceDate "2022.09.30"]
[SourceVersion "1"]
[SourceVersionDate "2022.09.30"]
[SourceQuality "1"]

1. d4 d5 2. Nf3 e6 3. c4 c6 4. Qc2 Nf6 5. e3 Nbd7 6. Nc3 Bd6 7. Bd3 dxc4 8. Bxc4 b5 9. Bd3 Bb7 10. 0-0 0-0 11. Rd1 Qc7 12. Qe2 a6 13. b3 c5 14. Bb2 cxd4 15. exd4 Bxf3 16. Qxf3 Bxh2+ 17. Kh1 Bf4 18. g3 Bh6 19. Kg2 g6 20. Rh1 Bg7 21. Ne4 Nxe4 22. Bxe4 Rab8 23. Rhc1 Qa7 24. Rc6 f5 25. Bc2 Rbc8 26. Rd1 Qa8 27. Rxc8 Qxf3+ 28. Kxf3 Rxc8 29. Bd3 Nb6 30. Ke2 Kf7 31. Rh1 h5 32. Bb1 b4 0-1

[Event "Oberliga NRW 1920"]
[Site "Germany"]
[Date "2019.12.15"]
[Round "4.7"]
[White "Schroeder, Wilfried"]
[Black "Hunold, Rolf"]
[Result "1-0"]
[WhiteElo "2190"]
[BlackElo "1945"]
[PlyCount "93"]
[EventDate "2019.09.15"]
[EventType "team-tourn"]
[EventRounds "9"]
[EventCountry "GER"]
[SourceTitle "EXT 2022"]
[Source "ChessBase"]
[SourceDate "2021.10.06"]
[SourceVersion "1"]
[SourceVersionDate "2021.10.06"]
[SourceQuality "1"]
[WhiteTeam "Wattenscheid"]
[BlackTeam "Letmathe"]
[WhiteTeamCountry "GER"]
[BlackTeamCountry "GER"]

1. d4 Nf6 2. Nf3 e6 3. c4 d5 4. g3 c5 5. cxd5 Nxd5 6. Bg2 Nc6 7. 0-0 Be7 8. Nc3 Nxc3 9. bxc3 0-0 10. Bb2 Na5 11. Nd2 Bd7 12. Rc1 Bc6 13. e4 Qd7 14. Re1 Bb5 15. Qg4 Nc4 16. Nxc4 Bxc4 17. Rcd1 Rfd8 18. h4 Qb5 19. Bc1 cxd4 20. Bh6 Bf8 21. cxd4 f5 22. Qg5 Kh8 23. d5 gxh6 24. Qf6+ Bg7 25. Qxe6 fxe4 26. Bxe4 Qd7 27. Bf5 Qxe6 28. dxe6 Rxd1 29. Rxd1 Bb5 30. Be4 Bc6 31. Bxc6 bxc6 32. f4 Kg8 33. Kg2 Rc8 34. g4 h5 35. g5 c5 36. f5 Bd4 37. Kf3 Kf8 38. f6 a5 39. Ke4 a4 40. Rb1 Bf2 41. Rb7 Bxh4 42. Rxh7 Kg8 43. Rxh5 Bxg5 44. Rxg5+ Kf8 45. Rh5 Kg8 46. f7+ Kg7 47. Rg5+ 1-0

[Event "Arco op 41st"]
[Site "Arco"]
[Date "2019.10.05"]
[Round "2"]
[White "Jung, Florian"]
[Black "Schroeder, Wilfried"]
[Result "0-1"]
[WhiteElo "1968"]
[BlackElo "2195"]
[PlyCount "62"]
[EventDate "2019.10.04"]
[EventType "swiss"]
[EventRounds "9"]
[EventCountry "ITA"]
[SourceTitle "EXT 2020"]
[Source "ChessBase"]
[SourceDate "2019.10.17"]
[SourceVersion "1"]
[SourceVersionDate "2019.10.17"]
[SourceQuality "1"]

1. e4 c6 2. d4 d5 3. e5 Bf5 4. g4 Bg6 5. h4 h5 6. e6 hxg4 7. Qxg4 Nf6 8. exf7+ Bxf7 9. Qe2 Nbd7 10. Nf3 Bh5 11. Bg2 Qc7 12. Bg5 0-0-0 13. Qe3 e6 14. Nbd2 Bd6 15. Bh3 Rde8 16. 0-0-0 Kb8 17. Rde1 e5 18. Bxd7 Nxd7 19. dxe5 Nxe5 20. Nxe5 Bxe5 21. Qa3 Bf4 22. Qb4 Bd6 23. Qc3 Rhf8 24. Rxe8+ Rxe8 25. Kb1 Be5 26. Qb4 a5 27. Qb3 Bf4 28. a4 Re2 29. Qc3 Rxd2 30. Bxf4 Qxf4 31. Qxg7 Qe4 0-1

[Event "Arco op 41st"]
[Site "Arco"]
[Date "2019.10.04"]
[Round "1"]
[White "Schroeder, Wilfried"]
[Black "Joerges, Frank"]
[Result "1-0"]
[WhiteElo "2195"]
[BlackElo "1833"]
[PlyCount "43"]
[EventDate "2019.10.04"]
[EventType "swiss"]
[EventRounds "9"]
[EventCountry "ITA"]
[SourceTitle "EXT 2020"]
[Source "ChessBase"]
[SourceDate "2019.10.17"]
[SourceVersion "1"]
[SourceVersionDate "2019.10.17"]
[SourceQuality "1"]

1. d4 d5 2. Nf3 c6 3. c4 e6 4. Qc2 f5 5. g3 Nf6 6. Bg2 Bd6 7. 0-0 Ne4 8. b3 Qe7 9. Ne5 0-0 10. Nd2 Nd7 11. Bb2 Nxe5 12. dxe5 Bc5 13. Rac1 Nxd2 14. Qxd2 Bd7 15. Rfd1 Be8 16. cxd5 cxd5 17. Bxd5 Bxf2+ 18. Kxf2 exd5 19. Qxd5+ Bf7 20. Qd6 Rae8 21. Qxe7 Rxe7 22. Ba3 1-0

[Event "Ruhrgebiet Regionalliga 1819"]
[Site "Nordrheinwestfalen"]
[Date "2019.05.19"]
[Round "10.1"]
[White "Krueger, Andre"]
[Black "Schroeder, Wilfried"]
[Result "0-1"]
[WhiteElo "1986"]
[BlackElo "2176"]
[PlyCount "120"]
[EventDate "2018.09.02"]
[EventType "team-tourn"]
[EventRounds "11"]
[EventCountry "GER"]
[SourceTitle "EXT 2022"]
[Source "ChessBase"]
[SourceDate "2021.10.06"]
[SourceVersion "1"]
[SourceVersionDate "2021.10.06"]
[SourceQuality "1"]
[WhiteTeam "Oberhausen SV II"]
[BlackTeam "Wattenscheid SV II"]
[WhiteTeamCountry "GER"]
[BlackTeamCountry "GER"]

1. d4 d5 2. c4 e6 3. Nc3 c6 4. e4 dxe4 5. Nxe4 Bb4+ 6. Bd2 Qxd4 7. Bxb4 Qxe4+ 8. Be2 Na6 9. Ba3 Bd7 10. Nf3 c5 11. Qd6 0-0-0 12. Rd1 Nf6 13. Qe5 Bc6 14. 0-0 Rxd1 15. Rxd1 Rd8 16. Rxd8+ Kxd8 17. Bf1 Qxe5 18. Nxe5 Be8 19. Nd3 b6 20. f3 Nd7 21. b3 f6 22. f4 Bg6 23. Kf2 Ndb8 24. Bb2 Nc6 25. Ke3 Ke7 26. Bc3 Nab4 27. Nc1 Kd6 28. Be2 e5 29. fxe5+ fxe5 30. Bd1 Nd4 31. Kd2 Be4 32. g3 Nbc6 33. a3 Bf3 34. Bc2 e4 35. Bb1 Ne5 36. h3 g5 37. g4 Nec6 38. Ke3 Bg2 39. Bxe4 Bxh3 40. Bxh7 Bxg4 41. b4 Be6 42. Bd3 Nf5+ 43. Ke4 Ncd4 44. bxc5+ bxc5 45. Be1 Bd7 46. Bf1 Bc6+ 47. Kd3 Ke5 48. Ne2 Be4+ 49. Kc3 Ne3 50. Bg3+ Kf6 51. Nxd4 cxd4+ 52. Kxd4 Nxf1 53. Bb8 Kf5 54. Bxa7 g4 55. Kc5 g3 56. Kd6 Nd2 57. c5 Bc6 58. Kxc6 g2 59. Kb7 g1Q 60. c6 Qb1+ 0-1

[Event "Ruhrgebiet Regionalliga 1819"]
[Site "Nordrheinwestfalen"]
[Date "2018.10.28"]
[Round "3.1"]
[White "Walter, Andreas"]
[Black "Schroeder, Wilfried"]
[Result "1-0"]
[WhiteElo "2142"]
[BlackElo "2163"]
[PlyCount "105"]
[EventDate "2018.09.02"]
[EventType "team-tourn"]
[EventRounds "11"]
[EventCountry "GER"]
[SourceTitle "EXT 2022"]
[Source "ChessBase"]
[SourceDate "2021.10.06"]
[SourceVersion "1"]
[SourceVersionDate "2021.10.06"]
[SourceQuality "1"]
[WhiteTeam "Muelheim Nord III"]
[BlackTeam "Wattenscheid SV II"]
[WhiteTeamCountry "GER"]
[BlackTeamCountry "GER"]

1. d4 d5 2. c4 e6 3. Nc3 Bb4 4. e3 c5 5. a3 Bxc3+ 6. bxc3 Qc7 7. Qg4 f5 8. Qg3 Qe7 9. Nf3 Nf6 10. cxd5 exd5 11. Qe5 Nc6 12. Qxe7+ Kxe7 13. dxc5 Ne4 14. c4 dxc4 15. Bxc4 Be6 16. Bb5 Na5 17. Nd4 Nxc5 18. Rb1 a6 19. Be2 b5 20. Bd2 Nab7 21. 0-0 Rac8 22. Bf3 Nd6 23. Bb4 Bc4 24. Rfd1 Kf6 25. Bxc5 Rxc5 26. Nb3 Bxb3 27. Rxd6+ Ke5 28. Rxa6 Rhc8 29. h4 Rc1+ 30. Rxc1 Rxc1+ 31. Kh2 Ba4 32. Ra7 Kf6 33. Kg3 Rc3 34. Be2 h6 35. h5 Rc2 36. Kf3 Rc3 37. Kf4 Rc2 38. Ra6+ Kf7 39. Kf3 Rc3 40. Ra5 Rxa3 41. Kf4 Rb3 42. Ke5 Rc3 43. Bf3 Rc7 44. Bd5+ Ke7 45. Ra8 Bd1 46. Rg8 b4 47. Rxg7+ Kd8 48. Rg8+ Ke7 49. Rb8 Bxh5 50. Rxb4 Rc2 51. f4 Bg4 52. Rb7+ Kd8 53. Kd6 1-0

[Event "Muenster op 36th"]
[Site "Muenster"]
[Date "2018.10.15"]
[Round "5"]
[White "Schroeder, Wilfried"]
[Black "Koellner, Christoph"]
[Result "0-1"]
[WhiteElo "2211"]
[BlackElo "2107"]
[PlyCount "64"]
[EventDate "2018.10.12"]
[EventType "swiss"]
[EventRounds "9"]
[EventCountry "GER"]
[SourceTitle "CBM 187 Extra"]
[Source "ChessBase"]
[SourceDate "2018.11.04"]
[SourceVersion "1"]
[SourceVersionDate "2018.11.04"]
[SourceQuality "1"]

1. d4 d6 2. g3 Nf6 3. Bg2 g6 4. c4 Bg7 5. Nc3 c6 6. Nf3 Bf5 7. 0-0 0-0 8. b3 Ne4 9. Bb2 Nxc3 10. Bxc3 Be4 11. Qd2 Nd7 12. Qe3 d5 13. Bh3 Bxf3 14. Qxf3 Nf6 15. Qd3 Ne4 16. Bb2 f5 17. Bg2 e6 18. e3 Rf7 19. f3 Nf6 20. Rae1 Rd7 21. c5 Re7 22. b4 Nd7 23. Qb3 b6 24. f4 bxc5 25. dxc5 Bxb2 26. Qxb2 Rb8 27. Qc3 Qf8 28. a3 Qg7 29. Rc1 Qxc3 30. Rxc3 Nf6 31. Rd1 a5 32. bxa5 Ra7 0-1

[Event "Muenster op 36th"]
[Site "Muenster"]
[Date "2018.10.14"]
[Round "4"]
[White "Starp, Klaus"]
[Black "Schroeder, Wilfried"]
[Result "0-1"]
[WhiteElo "1984"]
[BlackElo "2211"]
[PlyCount "62"]
[EventDate "2018.10.12"]
[EventType "swiss"]
[EventRounds "9"]
[EventCountry "GER"]
[SourceTitle "CBM 187 Extra"]
[Source "ChessBase"]
[SourceDate "2018.11.04"]
[SourceVersion "1"]
[SourceVersionDate "2018.11.04"]
[SourceQuality "1"]

1. e4 c6 2. d4 d5 3. Nc3 dxe4 4. Nxe4 Nf6 5. Nxf6+ gxf6 6. Nf3 Bg4 7. Be2 e6 8. c3 Bd6 9. Be3 Nd7 10. h3 Bh5 11. Qb3 Qc7 12. 0-0-0 0-0-0 13. g4 Bg6 14. Nh4 Be4 15. f3 Bf4 16. c4 Bg6 17. Nxg6 hxg6 18. Kb1 g5 19. Bf2 Rh6 20. h4 gxh4 21. Rxh4 Rxh4 22. Bxh4 Rh8 23. Be1 Rh2 24. Bd3 Be3 25. Be4 Qf4 26. Bg3 Qxg3 27. Qxe3 Qg2 28. Qb3 Nb6 29. Bc2 Qe2 30. d5 Nxc4 31. dxe6 fxe6 0-1

[Event "Muenster op 36th"]
[Site "Muenster"]
[Date "2018.10.13"]
[Round "2"]
[White "Schroeder, Wilfried"]
[Black "Althoff, Ralph"]
[Result "1/2-1/2"]
[WhiteElo "2211"]
[BlackElo "2038"]
[PlyCount "99"]
[EventDate "2018.10.12"]
[EventType "swiss"]
[EventRounds "9"]
[EventCountry "GER"]
[SourceTitle "CBM 187 Extra"]
[Source "ChessBase"]
[SourceDate "2018.11.04"]
[SourceVersion "1"]
[SourceVersionDate "2018.11.04"]
[SourceQuality "1"]

1. d4 d5 2. Nf3 Nf6 3. c4 e6 4. g3 Bb4+ 5. Bd2 Be7 6. Bg2 0-0 7. Qc2 Nbd7 8. 0-0 c6 9. b3 a5 10. Nc3 b5 11. cxb5 cxb5 12. Nxb5 Ba6 13. a4 Qb6 14. Qc7 Qxc7 15. Nxc7 Bxe2 16. Nxa8 Bxf1 17. Bxf1 Rxa8 18. Bb5 Kf8 19. Rc1 Bd6 20. Rc6 Ke7 21. Ng5 Ne4 22. Nxe4 dxe4 23. Rc1 h6 24. Bc6 Rb8 25. Bxa5 Rxb3 26. Bxe4 Nb6 27. Bc6 Ba3 28. Rc3 Rxc3 29. Bxc3 Kd6 30. Be8 Nd5 31. Bd2 f6 32. a5 Bb2 33. Be3 Nc7 34. Ba4 Bc3 35. Bf4+ e5 36. dxe5+ fxe5 37. Bc1 Bxa5 38. Ba3+ Ke6 39. Bb3+ Kf6 40. Bc4 Ne6 41. Bxe6 Kxe6 42. Bf8 Kf7 43. Bc5 g6 44. f3 Ke6 45. Kf2 h5 46. g4 Bd8 47. Be3 Be7 48. Ke2 Kd5 49. Kd3 Bd8 50. Bf2 1/2-1/2

[Event "Arber op 7th"]
[Site "Bodenmais"]
[Date "2018.08.04"]
[Round "8"]
[White "Schroeder, Wilfried"]
[Black "Pap, Misa"]
[Result "0-1"]
[WhiteElo "2199"]
[BlackElo "2473"]
[PlyCount "84"]
[EventDate "2018.07.28"]
[EventType "swiss"]
[EventRounds "9"]
[EventCountry "GER"]
[SourceTitle "CBM 185 Extra"]
[Source "ChessBase"]
[SourceDate "2018.07.29"]
[SourceVersion "1"]
[SourceVersionDate "2018.07.29"]
[SourceQuality "1"]

1. Nf3 Nf6 2. g3 g6 3. Bg2 Bg7 4. 0-0 0-0 5. c4 d6 6. d4 c6 7. Nc3 Qa5 8. e4 Bg4 9. h3 Bxf3 10. Qxf3 Nfd7 11. Rd1 c5 12. e5 Nc6 13. exd6 exd6 14. dxc5 Nde5 15. Qd5 dxc5 16. Be3 b6 17. Qe4 Rae8 18. Nb5 Nd4 19. Nxd4 cxd4 20. Bxd4 Nxc4 21. Qc2 Rc8 22. Bxg7 Kxg7 23. b3 Ne5 24. Qb2 Qc3 25. Qxc3 Rxc3 26. Rd5 f6 27. Rad1 g5 28. Be4 h5 29. Bf5 Rh8 30. Kg2 h4 31. Rd8 Rxd8 32. Rxd8 hxg3 33. fxg3 Re3 34. Rd2 Kf8 35. Rc2 a5 36. Rd2 Ke7 37. h4 gxh4 38. gxh4 Nf3 39. Rd7+ Ke8 40. Rh7 Kf8 41. Kf2 Rc3 42. h5 Ng5 0-1

[Event "Arber op 7th"]
[Site "Bodenmais"]
[Date "2018.08.01"]
[Round "5"]
[White "Hrdina, Karl"]
[Black "Schroeder, Wilfried"]
[Result "0-1"]
[WhiteElo "1957"]
[BlackElo "2199"]
[PlyCount "122"]
[EventDate "2018.07.28"]
[EventType "swiss"]
[EventRounds "9"]
[EventCountry "GER"]
[SourceTitle "CBM 185 Extra"]
[Source "ChessBase"]
[SourceDate "2018.07.29"]
[SourceVersion "1"]
[SourceVersionDate "2018.07.29"]
[SourceQuality "1"]

1. d4 d5 2. Nf3 e6 3. e3 f5 4. c4 Nf6 5. cxd5 exd5 6. Nc3 c6 7. Be2 Bd6 8. Ne5 Be6 9. Bh5+ g6 10. Be2 Nbd7 11. Nf3 Ne4 12. Bd2 0-0 13. Qb3 Qb6 14. Qxb6 axb6 15. Bd3 b5 16. Ne2 Nb6 17. Nf4 Rfe8 18. Nxe6 Rxe6 19. b3 f4 20. Bxe4 fxe3 21. fxe3 dxe4 22. Ng5 Re7 23. Ke2 b4 24. Rhf1 Nd5 25. g3 b6 26. Nh3 Rea7 27. Nf2 Rxa2 28. Rxa2 Rxa2 29. Nxe4 Nc3+ 30. Kd3 Nxe4 31. Bxb4 Bxb4 32. Kxe4 Rxh2 33. Rc1 c5 34. d5 Kf7 35. Ke5 Ke7 36. g4 Ba3 37. d6+ Kd7 38. Rd1 Bb2+ 39. Kd5 Rf2 40. e4 Rf6 41. e5 Bxe5 42. Kxe5 Re6+ 43. Kf4 h6 44. Rh1 g5+ 45. Kf5 Rxd6 46. Re1 Rd4 47. Re3 Rf4+ 48. Kg6 Rxg4 49. Kxh6 Kd6 50. Kg6 Kd5 51. Kf5 Rg1 52. Rd3+ Kc6 53. Re3 Kb5 54. Re4 g4 55. Kf4 Rd1 56. Re3 Rd4+ 57. Kg3 Kb4 58. Kf2 c4 59. bxc4 Kxc4 60. Re7 Kd3 61. Rb7 Rd6 0-1

[Event "Ruhrgebiet Regionalliga 1718"]
[Site "Germany"]
[Date "2018.03.04"]
[Round "7.3"]
[White "Gerst, Michael"]
[Black "Schroeder, Wilfried"]
[Result "1/2-1/2"]
[WhiteElo "1993"]
[BlackElo "2166"]
[PlyCount "99"]
[EventDate "2017.10.01"]
[EventType "team-tourn"]
[EventRounds "9"]
[EventCountry "GER"]
[SourceTitle "EXT 2022"]
[Source "ChessBase"]
[SourceDate "2021.10.06"]
[SourceVersion "1"]
[SourceVersionDate "2021.10.06"]
[SourceQuality "1"]
[WhiteTeam "Oberhausen SV II"]
[BlackTeam "Wattenscheid SV II"]
[WhiteTeamCountry "GER"]
[BlackTeamCountry "GER"]

1. d4 d5 2. c4 e6 3. Nf3 c6 4. Nbd2 f5 5. g3 Nf6 6. Bg2 Bd6 7. 0-0 Nbd7 8. b3 0-0 9. Bb2 b6 10. Rc1 Bb7 11. e3 Qe7 12. Qe2 Rac8 13. Rfd1 Rfd8 14. Ne5 c5 15. Ndf3 Ne4 16. Nd3 Ba6 17. Nfe5 cxd4 18. exd4 Nxe5 19. Nxe5 Bxe5 20. dxe5 dxc4 21. Rxd8+ Rxd8 22. Bxe4 fxe4 23. bxc4 Qb4 24. Bc3 Qxc4 25. Qxc4 Bxc4 26. a3 Rd3 27. Bb4 b5 28. Re1 a5 29. Bd6 Rb3 30. h4 Bd5 31. h5 b4 32. axb4 axb4 33. g4 h6 34. Rc1 Rc3 35. Rxc3 bxc3 36. Kf1 c2 37. Ba3 e3 38. Ke2 exf2 39. Kxf2 Kf7 40. Bc1 Bc6 41. g5 hxg5 42. Bxg5 Be8 43. h6 gxh6 44. Bxh6 Kg6 45. Bc1 Kf5 46. Bb2 Ke4 47. Ke2 Kd5 48. Kd2 Bg6 49. Kc1 Kc4 50. Ba3 1/2-1/2

[Event "Oberliga NRW 1617"]
[Site "Germany"]
[Date "2017.03.26"]
[Round "8.6"]
[White "Schroeder, Wilfried"]
[Black "Gulbas, Cemil"]
[Result "1/2-1/2"]
[WhiteElo "2208"]
[BlackElo "2360"]
[PlyCount "111"]
[EventDate "2016.09.25"]
[EventType "team-tourn"]
[EventRounds "9"]
[EventCountry "GER"]
[SourceTitle "EXT 2020"]
[Source "ChessBase"]
[SourceDate "2019.10.17"]
[SourceVersion "1"]
[SourceVersionDate "2019.10.17"]
[SourceQuality "1"]
[WhiteTeam "Wattenscheid"]
[BlackTeam "Aachen Aufwaerts II"]
[WhiteTeamCountry "GER"]
[BlackTeamCountry "GER"]

1. d4 d5 2. c4 c6 3. Nf3 Nf6 4. Qc2 g6 5. Bf4 dxc4 6. Qxc4 Bg7 7. e3 0-0 8. Nc3 Be6 9. Qd3 c5 10. dxc5 Qc8 11. Be2 Rd8 12. Qc2 Qxc5 13. Nd4 Bg4 14. 0-0 Bxe2 15. Qxe2 Nh5 16. Bxb8 Raxb8 17. Rfd1 e6 18. Nb3 Qb6 19. Rac1 Rxd1+ 20. Rxd1 Rc8 21. g3 Nf6 22. Qd2 Bf8 23. Qd4 Qxd4 24. Rxd4 a6 25. Kf1 Be7 26. Ke2 Kf8 27. f4 Ke8 28. h3 Nd7 29. e4 f5 30. g4 Bf6 31. e5 Be7 32. g5 Nc5 33. Nxc5 Bxc5 34. Rd3 Ke7 35. Na4 Ba7 36. Rc3 Rxc3 37. Nxc3 Kd7 38. Kd3 Kc6 39. b4 b5 40. Ne2 Bf2 41. a3 Bb6 42. Nc3 Bd8 43. Ne2 Be7 44. Kd4 Bd8 45. Kd3 Bb6 46. Nc3 Bf2 47. Ne2 Be1 48. Nc3 Bh4 49. Kd4 Bf2+ 50. Kd3 Be1 51. Kd4 Bd2 52. Ne2 Be1 53. Nc3 Kb6 54. Kd3 Kc6 55. Kd4 Kb6 56. Kd3 1/2-1/2

[Event "Oberliga NRW 1617"]
[Site "Germany"]
[Date "2017.03.05"]
[Round "7.6"]
[White "Bonnmann, Reinhard"]
[Black "Schroeder, Wilfried"]
[Result "1/2-1/2"]
[WhiteElo "2272"]
[BlackElo "2208"]
[PlyCount "75"]
[EventDate "2016.09.25"]
[EventType "team-tourn"]
[EventRounds "9"]
[EventCountry "GER"]
[SourceTitle "EXT 2020"]
[Source "ChessBase"]
[SourceDate "2019.10.17"]
[SourceVersion "1"]
[SourceVersionDate "2019.10.17"]
[SourceQuality "1"]
[WhiteTeam "Koeln SF"]
[BlackTeam "Wattenscheid"]
[WhiteTeamCountry "GER"]
[BlackTeamCountry "GER"]

1. d4 d5 2. Nf3 e6 3. c4 c6 4. g3 Nf6 5. Bg2 Nbd7 6. 0-0 Be7 7. Qc2 0-0 8. Nbd2 b6 9. Rd1 Bb7 10. e4 Rc8 11. e5 Ne8 12. cxd5 cxd5 13. Qb3 Nb8 14. Nf1 Nc7 15. Bd2 Nc6 16. Rdc1 Qd7 17. h4 Na6 18. Ne3 Na5 19. Bxa5 bxa5 20. Bf1 a4 21. Qd1 a3 22. b3 Nb4 23. Qd2 Rxc1 24. Rxc1 Rc8 25. Rxc8+ Qxc8 26. Ne1 Ba6 27. Nd3 Bxd3 28. Bxd3 a5 29. Kg2 Bd8 30. Nc2 Nxc2 31. Bxc2 Qc6 32. Qd3 g6 33. h5 Be7 34. f4 Bb4 35. hxg6 hxg6 36. Kf3 Qc3 37. Qxc3 Bxc3 38. Ke3 1/2-1/2

[Event "Oberliga NRW 1617"]
[Site "Germany"]
[Date "2016.09.25"]
[Round "1.7"]
[White "Tueckmantel, Rene"]
[Black "Schroeder, Wilfried"]
[Result "1/2-1/2"]
[WhiteElo "2188"]
[BlackElo "2208"]
[PlyCount "27"]
[EventDate "2016.09.25"]
[EventType "team-tourn"]
[EventRounds "9"]
[EventCountry "GER"]
[SourceTitle "EXT 2020"]
[Source "ChessBase"]
[SourceDate "2019.10.17"]
[SourceVersion "1"]
[SourceVersionDate "2019.10.17"]
[SourceQuality "1"]
[WhiteTeam "Wuppertal Bahn"]
[BlackTeam "Wattenscheid"]
[WhiteTeamCountry "GER"]
[BlackTeamCountry "GER"]

1. c4 e6 2. g3 Nf6 3. Bg2 d5 4. Nf3 Be7 5. 0-0 0-0 6. d4 b6 7. Qc2 Bb7 8. Bf4 c5 9. dxc5 Bxc5 10. Nbd2 Nc6 11. a3 Bd6 12. Bxd6 Qxd6 13. cxd5 Qxd5 14. e4 1/2-1/2

[Event "Ruhrgebiet Regionalliga 1516"]
[Site "Germany"]
[Date "2016.01.17"]
[Round "5.1"]
[White "Schreck, Roland"]
[Black "Schroeder, Wilfried"]
[Result "1/2-1/2"]
[WhiteElo "2150"]
[BlackElo "2104"]
[PlyCount "31"]
[EventDate "2015.09.13"]
[EventType "team-tourn"]
[EventRounds "9"]
[EventCountry "GER"]
[SourceTitle "EXT 2022"]
[Source "ChessBase"]
[SourceDate "2021.10.06"]
[SourceVersion "1"]
[SourceVersionDate "2021.10.06"]
[SourceQuality "1"]
[WhiteTeam "Bochum-Linden"]
[BlackTeam "Wattenscheid SV II"]
[WhiteTeamCountry "GER"]
[BlackTeamCountry "GE2"]

1. Nf3 Nf6 2. g3 d5 3. Bg2 e6 4. 0-0 b5 5. a4 b4 6. c4 Bb7 7. cxd5 exd5 8. d4 Bd6 9. Nbd2 Nbd7 10. a5 Ba6 11. Re1 0-0 12. e4 dxe4 13. Ng5 Rc8 14. Ngxe4 Be7 15. Nb3 Nxe4 16. Bxe4 1/2-1/2

[Event "Ruhrgebiet Regionalliga 1516"]
[Site "Germany"]
[Date "2015.11.15"]
[Round "3.1"]
[White "Sohlmann, Jan Henning"]
[Black "Schroeder, Wilfried"]
[Result "0-1"]
[WhiteElo "2180"]
[BlackElo "2104"]
[PlyCount "54"]
[EventDate "2015.09.13"]
[EventType "team-tourn"]
[EventRounds "9"]
[EventCountry "GER"]
[SourceTitle "EXT 2022"]
[Source "ChessBase"]
[SourceDate "2021.10.06"]
[SourceVersion "1"]
[SourceVersionDate "2021.10.06"]
[SourceQuality "1"]
[WhiteTeam "Welper SV"]
[BlackTeam "Wattenscheid SV II"]
[WhiteTeamCountry "GER"]
[BlackTeamCountry "GE2"]

1. e4 c6 2. d4 d5 3. e5 c5 4. c4 Nc6 5. Nf3 Bg4 6. cxd5 Bxf3 7. Qxf3 Nxd4 8. Qe4 f5 9. Qf4 Qxd5 10. Nc3 Nc2+ 11. Ke2 Qc6 12. Kd1 Nd4 13. Be3 0-0-0 14. Kc1 e6 15. b3 h6 16. Qg3 g5 17. f4 gxf4 18. Qxf4 Ne7 19. Kb2 Nd5 20. Nxd5 Qxd5 21. Bxd4 cxd4 22. Rc1+ Kb8 23. Bc4 Qxg2+ 24. Ka1 Ba3 25. Rb1 Bb2+ 26. Rxb2 Qxh1+ 27. Rb1 Qe4 0-1

[Event "Ruhrgebiet Regionalliga 1516"]
[Site "Germany"]
[Date "2015.10.18"]
[Round "2.1"]
[White "Schroeder, Wilfried"]
[Black "Hausrath, Daniel"]
[Result "1/2-1/2"]
[WhiteElo "2104"]
[BlackElo "2462"]
[PlyCount "44"]
[EventDate "2015.09.13"]
[EventType "team-tourn"]
[EventRounds "9"]
[EventCountry "GER"]
[SourceTitle "EXT 2022"]
[Source "ChessBase"]
[SourceDate "2021.10.06"]
[SourceVersion "1"]
[SourceVersionDate "2021.10.06"]
[SourceQuality "1"]
[WhiteTeam "Wattenscheid SV II"]
[BlackTeam "Muelheim Nord III"]
[WhiteTeamCountry "GE2"]
[BlackTeamCountry "GER"]

1. d4 Nf6 2. c4 g6 3. Nf3 Bg7 4. g3 0-0 5. Bg2 d6 6. 0-0 c6 7. Nc3 Qa5 8. e4 e5 9. h3 Nbd7 10. Be3 exd4 11. Nxd4 Ne5 12. Qe2 c5 13. Ndb5 Be6 14. Nd5 Bxd5 15. cxd5 c4 16. Nxd6 Qb4 17. f4 Qxd6 18. fxe5 Qxe5 19. Bf4 Qd4+ 20. Be3 Qe5 21. Bf4 Qd4+ 22. Be3 Qe5 1/2-1/2

[Event "Ruhrgebiet Regionalliga 1415"]
[Site "Germany"]
[Date "2015.03.15"]
[Round "7.2"]
[White "Happel, Heiner"]
[Black "Schroeder, Wilfried"]
[Result "0-1"]
[WhiteElo "2175"]
[BlackElo "2113"]
[PlyCount "44"]
[EventDate "2014.09.28"]
[EventType "team-tourn"]
[EventRounds "9"]
[EventCountry "GER"]
[SourceTitle "EXT 2022"]
[Source "ChessBase"]
[SourceDate "2021.10.06"]
[SourceVersion "1"]
[SourceVersionDate "2021.10.06"]
[SourceQuality "1"]
[WhiteTeam "Hamm Koenigsspringer"]
[BlackTeam "Wattenscheid SV II"]
[WhiteTeamCountry "GER"]
[BlackTeamCountry "GER"]

1. d4 d5 2. Nf3 e6 3. c4 c6 4. Qc2 Nf6 5. e3 Nbd7 6. Nc3 Bd6 7. Bd2 0-0 8. 0-0-0 Qe7 9. Kb1 a6 10. e4 dxe4 11. Nxe4 Nxe4 12. Qxe4 e5 13. c5 exd4 14. Qxe7 Bxe7 15. b4 a5 16. a3 axb4 17. axb4 Bf6 18. Be1 Re8 19. Bd3 Ne5 20. Nxd4 Nxd3 21. Rxd3 Rd8 22. Bc3 Bf5 0-1